Movies Quiz

Random Movies or Alphabet Quiz

Ruined By A Letter: Disney/Pixar Quiz Stats

 Plays Quiz Updated Feb 5, 2018

Challenge
Share
Tweet
Embed
Score 0/25 Timer 04:00
17 Plays Today
% Correct
F
97.5%
K
97.5%
H
97.5%
J
97.5%
E
97.1%
C
97.1%
S
97%
T
96.9%
N
96.8%
W
96.7%
Z
96.3%
L
96.1%
P
96%
% Correct
G
95.7%
I
94.8%
D
94.6%
B
94%
U
93.9%
V
93.6%
X
92.6%
A
92.5%
Y
92%
M
91.8%
R
91.7%
O
88.6%

You're not logged in!

Compare scores with friends on all Sporcle quizzes.
OR
Log In

You Might Also Like...

Show Comments

Extras

Top Quizzes Today


Score Distribution

Your Account Isn't Verified!

In order to create a playlist on Sporcle, you need to verify the email address you used during registration. Go to your Sporcle Settings to finish the process.

Report this User

Report this user for behavior that violates our Community Guidelines.

Details: